Car models starting with O by pictures - Statistics

General Stats
  • This quiz has been taken 37 times
  • The average score is 6 of 10
Answer Stats
Picture Hint Answer % Correct
Subaru Outback
84%
Skoda Octavia
81%
Mitsubishi Outlander
74%
Honda Odyssey
71%
KIA Optima
61%
Fisker Ocean
58%
Opel Omega
58%
Dodge Omni
45%
KIA Opirus
26%
Chevrolet Orlando
26%
No matching quizzes found
Score Distribution
Percent of People with Each Score
Percentile by Number Answered
Your Score History
You have not taken this quiz